000
00317nam a22001457a 4500
008
231124b ||||| |||| 00| 0 eng d
020
_a
9780451492890
041
_a
eng
080
_a
159.9
082
_a
159.9SAC
100
_a
25
101
_a
PSI
245
_a
EVERYTHING IN ITS PLACE
_c
SACKS.O
942
_2
udc
_c
BK
999
_c
60497
_d
60497